المشاركة الشعبية كأحد أسس أستراتيجية بديلة للتنمية /
Guardado en:
| Autor principal: | |
|---|---|
| Otros Autores: | |
| Formato: | Libro |
| Lenguaje: | árabe |
| Publicado: |
القاهرة :
جامعة الأزهر،
1988.
|
| Edición: | ط. 1. |
| Materias: | |
| Etiquetas: |
Agregar Etiqueta
Sin Etiquetas, Sea el primero en etiquetar este registro!
|
MARC
| LEADER | 00000nam a22000007a 4500 | ||
|---|---|---|---|
| 003 | INP | ||
| 005 | 20181125141551.0 | ||
| 008 | 180513n1988 ua ||||frm||| 00| 0 ara d | ||
| 952 | |0 0 |1 0 |4 0 |6 338_962000000000000_ن_م |7 0 |8 THAR |9 13159 |a INP |b INP |c store |d 2018-08-14 |l 0 |o 338.962 ن م |p 014381 |r 2022-03-28 00:00:00 |w 2018-08-14 |y TH |0 0 |0 0 | ||
| 999 | |c 12826 |d 12826 | ||
| 040 | |a EG-INP |b ara |c EG-INP | ||
| 082 | 0 | 4 | |2 21 |a 338.962 |b ن م |
| 100 | 1 | |a عبد الخالق، ناهد محمد سيد. | |
| 245 | 1 | 2 | |a المشاركة الشعبية كأحد أسس أستراتيجية بديلة للتنمية / |c إعداد ناهد محمد سيد عبد الخالق ؛ إشراف محيا على زيتون. |
| 250 | |a ط. 1. | ||
| 260 | |a القاهرة : |b جامعة الأزهر، |c 1988. | ||
| 300 | |a 300 ص. ؛ |c 27 سم. | ||
| 504 | |a يشتمل على إرجاعات ببليوجرافية. | ||
| 650 | 7 | |2 qrmak |a المشاركة الشعبية. | |
| 650 | 7 | |2 qrmak |a التنمية. | |
| 650 | 7 | |2 qrmak |a التخطيط الاقتصادى. | |
| 700 | 1 | |a زيتون، محيا على، |e مشرف. | |
| 901 | |a EGPV4 | ||
| 903 | |a original | ||
| 942 | |2 ddc |c TH | ||